[Event "GER-ch U25-A"]
[Site "Willingen"]
[Date "2016.05.20"]
[Round "8"]
[White "Krausse, Sandro"]
[Black "Fistoul, Boris"]
[Result "0-1"]
[WhiteElo "1734"]
[BlackElo "1876"]
[PlyCount "106"]
[EventDate "2016.05.15"]
[EventType "swiss"]
[EventRounds "9"]
[EventCountry "GER"]
[SourceTitle "CBM 172 Extra"]
[Source "ChessBase"]
[SourceDate "2016.06.21"]
[SourceVersion "1"]
[SourceVersionDate "2016.06.21"]
[SourceQuality "1"]

1. e4 e6 2. d4 b6 3. Nf3 Bb7 4. Bd3 c5 5. c3 Nf6 6. Qe2 Be7 7. 0-0 Nc6 8. Nbd2 cxd4 9. cxd4 Nb4 10. Re1 Nxd3 11. Qxd3 0-0 12. b3 a5 13. Bb2 Qb8 14. Rac1 Ba6 15. Qb1 Bb4 16. a3 Bxd2 17. Nxd2 Qf4 18. Nf3 Bb7 19. d5 exd5 20. Bxf6 Qxf6 21. e5 Qe7 22. Qb2 Rac8 23. b4 axb4 24. Rxc8 Rxc8 25. axb4 Rc4 26. Rb1 d4 27. Nd2 Qg5 28. g3 Rc3 29. Re1 Qf5 30. b5 Qc2 31. Qxc2 Rxc2 32. Rd1 Rc5 33. Nf1 Rxe5 34. Rxd4 Rd5 35. Rc4 Rc5 36. Ne3 Rxb5 37. Rc7 Rb1+ 38. Nf1 Ba6 39. Ra7 Rxf1+ 40. Kg2 Kf8 41. Rxa6 Rb1 42. Kf3 Ke7 43. Ke4 b5 44. Rb6 b4 45. Kd3 b3 46. f4 b2 47. Kc2 Rh1 48. Kxb2 Rxh2+ 49. Ka3 Rh3 50. Rb3 h5 51. Kb4 h4 52. gxh4 Rxb3+ 53. Kxb3 Kf6 0-1